[Event "36th Olympiad w"]
[Site "Calvia ESP"]
[Date "2004.10.29"]
[Round "14"]
[White "Andriasian,S"]
[Black "Shukurova,M"]
[Result "1-0"]
[WhiteElo "2206"]
[BlackElo "2281"]
[EventDate "2004.10.15"]

1. e4 e5 2. Nf3 Nc6 3. Bc4 Nf6 4. d4 exd4 5. e5 d5 6. Bb5 Ne4 7. Nxd4 Bd7
8. Bxc6 bxc6 9. O-O Bc5 10. Be3 Qe7 11. f3 Nd6 12. Bf2 Nf5 13. c3 O-O 14.
f4 Bb6 15. Qd3 Nh6 16. h3 c5 17. Nf3 c6 18. c4 Bf5 19. Qe2 dxc4 20. Qxc4
Qd8 21. Qa4 Bd3 22. Rd1 c4 23. Rd2 Bxf2+ 24. Rxf2 Qb6 25. Na3 Qc5 26. Qd1
Rfd8 27. Qe1 Rab8 28. Kh2 Nf5 29. Rc1 Nd4 30. Nxd4 Rxd4 31. Qe3 Qd5 32. Nc2
Bxc2 33. Rfxc2 h6 34. Qf2 a5 35. Qf1 Rb4 36. a3 Rb3 37. Rxc4 Rd2 38. Rc5
Qd7 39. R1c3 Rbxb2 40. Rxc6 Qd5 41. Rc8+ Kh7 42. Rg3 Rd1 43. Qa6 Rxg2+ 44.
Rxg2 Rd2 45. Qf1 Rd1 46. Qf2 Qd7 47. Rxg7+ 1-0

[Event "36th Olympiad w"]
[Site "Calvia ESP"]
[Date "2004.10.29"]
[Round "14"]
[White "Borsuk,A"]
[Black "Muzychuk,A"]
[Result "1/2-1/2"]
[WhiteElo "2306"]
[BlackElo "2383"]
[EventDate "2004.10.15"]

1. d4 Nf6 2. c4 c5 3. d5 e6 4. Nc3 exd5 5. cxd5 Bd6 6. Nf3 O-O 7. g3 Re8 8.
Bg2 Bc7 9. O-O d6 10. Nd2 a6 11. a4 Nbd7 12. Nc4 Rb8 13. Bf4 Nf8 14. a5 Ng6
15. Bg5 h6 16. Bd2 Bd7 17. h3 Bb5 18. Nxb5 axb5 19. Na3 Bxa5 20. Nxb5 Bxd2
21. Qxd2 Qb6 22. Nc3 Ra8 23. f4 c4+ 24. Kh2 Rxa1 25. Rxa1 Qf2 26. Rf1 Qc5
27. Na4 Qc7 28. Nc3 Qc5 29. Na4 Qc7 1/2-1/2

[Event "36th Olympiad w"]
[Site "Calvia ESP"]
[Date "2004.10.29"]
[Round "14"]
[White "Srebrnic,A"]
[Black "Igla,B"]
[Result "1/2-1/2"]
[WhiteElo "2245"]
[BlackElo "2196"]
[EventDate "2004.10.15"]

1. d4 g6 2. e4 Bg7 3. Bc4 d6 4. Nf3 Nf6 5. Qe2 O-O 6. O-O Bg4 7. h3 Bxf3 8.
Qxf3 Nc6 9. c3 e5 10. d5 Ne7 11. g4 c6 12. dxc6 bxc6 13. Bg5 Ne8 14. Rd1
Qd7 15. Na3 Nc7 16. Rd2 Ne6 17. Be3 Nc8 18. b4 Rb8 19. Rad1 Rd8 20. Ba6 Bf8
21. Nc4 Qc7 22. a4 Nb6 23. a5 Nxc4 24. Bxc4 Qe7 25. Qg3 Ng5 26. f3 Bh6 27.
Kg2 Bf8 28. h4 Ne6 29. g5 Ng7 30. Qf2 Rd7 31. h5 Nxh5 32. Rh1 Rbd8 33. b5
cxb5 34. Bxb5 Rc7 35. c4 Qe6 36. Bxa7 Nf4+ 37. Kf1 Rxc4 38. Bxc4 Qxc4+ 39.
Kg1 Be7 40. Rc2 Qd3 41. Bb6 Re8 42. Rd2 Qc4 43. Rc2 Qd3 44. Rd2 Qc4 45. Rc2
1/2-1/2

[Event "36th Olympiad w"]
[Site "Calvia ESP"]
[Date "2004.10.29"]
[Round "14"]
[White "Lujan,C"]
[Black "Lagvilava,G"]
[Result "1-0"]
[WhiteElo "2325"]
[BlackElo "2299"]
[EventDate "2004.10.15"]

1. e4 c5 2. Nf3 Nc6 3. d4 cxd4 4. Nxd4 e5 5. Nb5 d6 6. N1c3 a6 7. Na3 Be7
8. Nd5 Nf6 9. Nxf6+ Bxf6 10. Bc4 O-O 11. O-O Bg5 12. Bxg5 Qxg5 13. c3 Qe7
14. Qd3 Be6 15. Rad1 Rad8 16. Nc2 Qc7 17. Ne3 Ne7 18. Rd2 Kh8 19. Bxe6 fxe6
20. Qc4 Qd7 21. Rfd1 Nc8 22. Qe2 Qc7 23. Qc4 Qf7 24. Qb3 Rd7 25. a4 Rc7 26.
Re2 Qh5 27. f3 Qg6 28. Kh1 Qe8 29. Red2 b5 30. Ra1 bxa4 31. Rxa4 Qc6 32.
Rc4 Qb7 33. Qxb7 Rxb7 34. Rc6 Ra7 35. Nc4 d5 36. exd5 exd5 37. Nxe5 Ne7 38.
Rb6 a5 39. Kg1 a4 40. Nc6 Nxc6 41. Rxc6 Ra5 42. Rd6 a3 43. bxa3 Rxa3 44.
Rd3 h6 45. R6xd5 Rf4 46. Rd8+ Kh7 47. Rc8 Rf6 48. Rd2 Rb6 49. Rc2 g5 50. c4
Rf6 51. h3 h5 52. Rc5 Kg6 53. Rd5 Ra1+ 54. Kf2 g4 55. hxg4 hxg4 56. Rd3 Kg5
57. c5 gxf3 58. gxf3 Raa6 59. Rdc3 Rac6 60. Rc4 Kf5 61. Ke3 Ke5 62. Rh4 Rf5
63. Re4+ Kf6 64. Kd4 Rxf3 65. Kd5 Ra6 66. c6 Rd3+ 67. Kc5 Rd8 68. c7 Rc8
69. Kb5 Raa8 70. Kb6 Kf5 71. Re1 Kf4 72. Kb7 Kf3 73. Re6 1-0

[Event "36th Olympiad w"]
[Site "Calvia ESP"]
[Date "2004.10.29"]
[Round "14"]
[White "Sharevich,A"]
[Black "Burijovich,L"]
[Result "1-0"]
[WhiteElo "2266"]
[BlackElo "2212"]
[EventDate "2004.10.15"]

1. Nf3 Nf6 2. c4 g6 3. d4 Bg7 4. Nc3 O-O 5. e4 d6 6. Bg5 h6 7. Bh4 g5 8.
Bg3 Nh5 9. Be2 e6 10. O-O Nc6 11. d5 Ne7 12. Nd2 Nxg3 13. hxg3 c6 14. Nb3
cxd5 15. cxd5 exd5 16. exd5 Qb6 17. Qd2 Nf5 18. Na4 Qd8 19. g4 Bd7 20. Nc3
Nh4 21. g3 Ng6 22. Nd4 Rc8 23. Nf5 Bxf5 24. gxf5 Ne7 25. Qd3 Qa5 26. Ne4
Nxd5 27. Nxd6 Nb4 28. Qf3 Rc6 29. Rad1 Qe5 30. Nc4 Qc7 31. Ne3 Rd8 32. a3
Rxd1 33. Rxd1 Na6 34. b4 Rc1 35. f6 Rxd1+ 36. Bxd1 Bf8 37. Bc2 Qe5 38. Ng4
Qe1+ 39. Kh2 Qe6 40. Qd3 1-0

[Event "36th Olympiad w"]
[Site "Calvia ESP"]
[Date "2004.10.29"]
[Round "14"]
[White "Malajovich,S"]
[Black "Eidelson,R"]
[Result "1/2-1/2"]
[WhiteElo "2118"]
[BlackElo "2268"]
[EventDate "2004.10.15"]

1. d4 Nf6 2. c4 g6 3. Nc3 Bg7 4. Nf3 O-O 5. Bg5 d6 6. e3 Na6 7. Be2 Qe8 8.
Qc2 e5 9. dxe5 dxe5 10. Rd1 c6 11. O-O Nc5 12. Bxf6 Bxf6 13. b4 Na6 14. Qb1
Bg7 15. Ne4 Qe7 16. c5 Bf5 17. Nfd2 Nc7 18. Nc4 Nd5 19. Ncd6 Nc3 20. Qc2
Nxd1 21. Nxf5 gxf5 22. Nd6 f4 23. Rxd1 fxe3 24. fxe3 e4 25. Rf1 b5 26. Bh5
Qg5 27. Bxf7+ Rxf7 28. Rxf7 Qxe3+ 29. Kf1 Bc3 30. g3 Bxb4 31. Rf4 Bxc5 32.
Rg4+ Kf8 33. Rf4+ Kg8 34. Rg4+ Kf8 1/2-1/2

[Event "36th Olympiad w"]
[Site "Calvia ESP"]
[Date "2004.10.29"]
[Round "14"]
[White "Dembo,Y"]
[Black "Hagesaether,E"]
[Result "1-0"]
[WhiteElo "2396"]
[BlackElo "2188"]
[EventDate "2004.10.15"]

1. e4 d6 2. d4 Nf6 3. Nc3 g6 4. f4 Bg7 5. Nf3 c5 6. Bb5+ Bd7 7. e5 Ng4 8.
Bxd7+ Qxd7 9. d5 dxe5 10. h3 e4 11. hxg4 exf3 12. Qxf3 Na6 13. Bd2 O-O-O
14. O-O-O b5 15. Kb1 b4 16. Ne4 f5 17. gxf5 gxf5 18. Qe2 Qb7 19. Ng5 Rxd5
20. Ne6 Bf6 21. Be3 Rxd1+ 22. Rxd1 Qc6 23. Qc4 Kb8 24. Nd8 Qb6 25. Qd5 Nc7
26. Qxc5 Qxc5 27. Bxc5 Rg8 28. Rd2 Rg4 29. Nc6+ Kb7 30. Na5+ Ka6 31. Bxb4
Ne6 32. c3 Nxf4 33. Rd7 Ne6 34. Nc6 Rxg2 35. Nxe7 Bxe7 36. Rxe7 Ng5 37. Bc5
f4 38. a4 1-0

[Event "36th Olympiad w"]
[Site "Calvia ESP"]
[Date "2004.10.29"]
[Round "14"]
[White "Berntsen,S"]
[Black "Botsari,A"]
[Result "1-0"]
[WhiteElo "2118"]
[BlackElo "2362"]
[EventDate "2004.10.15"]

1. e4 c5 2. c3 d5 3. exd5 Qxd5 4. d4 e6 5. Nf3 Nf6 6. Bd3 Bd7 7. O-O Bc6 8.
Re1 cxd4 9. cxd4 Bd6 10. Bg5 Nbd7 11. Nbd2 h6 12. Bh4 O-O 13. Nc4 Bb4 14.
Rf1 Qh5 15. Bg3 Bxf3 16. gxf3 Nd5 17. Ne3 Qg5 18. Nxd5 exd5 19. Qb3 Bd2 20.
Rfd1 h5 21. h4 Qh6 22. Qxd5 Nf6 23. Qf5 Rfd8 24. Be5 Nd5 25. Bc4 Bb4 26.
Kh1 Qc6 27. Rg1 Bf8 28. Bd3 g6 29. Qxh5 Bg7 30. Bxg6 Nf6 31. Bh7+ Kf8 32.
Qf5 Ne8 33. Qg4 Qh6 34. Bc2 Rac8 35. Ba4 f6 36. Bf4 Qh7 37. Rae1 f5 38. Qg5
Nf6 39. Re6 1-0

[Event "36th Olympiad w"]
[Site "Calvia ESP"]
[Date "2004.10.29"]
[Round "14"]
[White "Makropoulou,M"]
[Black "Ferkingstad,G"]
[Result "1-0"]
[WhiteElo "2270"]
[BlackElo "2035"]
[EventDate "2004.10.15"]

1. e4 Nf6 2. e5 Nd5 3. d4 d6 4. c4 Nb6 5. exd6 exd6 6. h3 Be7 7. Nf3 Bf5 8.
Bd3 Bxd3 9. Qxd3 O-O 10. O-O Nc6 11. a3 Bf6 12. Nc3 Na5 13. Nd2 Nc6 14. Nb3
a5 15. Be3 d5 16. cxd5 Nxd5 17. Ne4 Be7 18. Rac1 Ra6 19. Nbc5 Bxc5 20. Nxc5
Rb6 21. Na4 Ra6 22. Qb5 Nce7 23. Nc5 Rb6 24. Qxa5 Rxb2 25. Qa4 Nf5 26. Nd3
Rb6 27. Bd2 Nf6 28. Bb4 Re8 29. Nc5 Ra6 30. Nd3 Rb6 31. Bc5 Ra6 32. Qc4 Ne4
33. Ne5 Qf6 34. Ng4 Qg6 35. Rfe1 Nfd6 36. Bxd6 Nxd6 37. Qxc7 Raa8 38. Rxe8+
Rxe8 39. Ne5 Qg5 40. Nf3 Qf6 41. Qb6 h6 42. Qb4 Qf4 43. Re1 Rc8 44. Qb3 Qf5
45. Qb6 Qf4 46. Qb1 Nf5 47. Qxb7 Rc1 48. Qa8+ Kh7 49. Qe8 Nxd4 50. Nxd4
Rxe1+ 51. Qxe1 Qxd4 52. Qe3 Qa4 53. g3 g6 54. h4 h5 55. Qc3 Qd1+ 56. Kg2
Kg8 57. Qc6 Qd2 58. a4 Kg7 59. Qe4 Qa5 60. Qd4+ Kf8 61. Kf3 Ke7 62. Ke2 Ke6
63. Kd3 Ke7 64. Kc2 Ke6 65. Kb3 f5 66. Qc4+ Kf6 67. Qc3+ Qxc3+ 68. Kxc3 f4
69. a5 fxg3 70. fxg3 Kf5 71. a6 Kg4 72. a7 Kxg3 73. a8=Q Kxh4 74. Qh1+ Kg3
75. Qg1+ Kh3 76. Qxg6 h4 77. Qg5 1-0

[Event "36th Olympiad w"]
[Site "Calvia ESP"]
[Date "2004.10.29"]
[Round "14"]
[White "Pourkashiyan,A"]
[Black "Piarnpuu,L"]
[Result "1/2-1/2"]
[WhiteElo "2217"]
[BlackElo "2227"]
[EventDate "2004.10.15"]

1. e4 e5 2. Nf3 Nc6 3. Bc4 Bc5 4. c3 Nf6 5. d4 exd4 6. e5 d5 7. Bb5 Ne4 8.
cxd4 Bb6 9. Be3 O-O 10. Nc3 Bg4 11. h3 Bh5 12. Rc1 Ne7 13. g4 Bg6 14. Bd3
f5 15. Bxe4 fxe4 16. Ng5 Qd7 17. h4 h6 18. Nh3 Rf3 19. Ng1 Qxg4 20. Nxf3
exf3 21. Qb3 c6 22. Rd1 Rf8 23. Kd2 Bxd4 24. Rdg1 Bxe3+ 25. fxe3 Qf5 26.
Nd1 Qxe5 27. Qc3 Qxc3+ 28. Kxc3 Be4 29. Nf2 Nf5 30. Kd2 Kh7 31. Rg4 Nd6 32.
b3 Rf7 33. Rf4 Re7 34. Rg1 c5 35. h5 c4 36. Rc1 b5 37. b4 Nf7 38. Kc3 Ng5
39. Rd1 Re6 40. Rh4 Re7 41. Rf4 Ne6 42. Rh4 Ng5 43. Rf4 Ne6 1/2-1/2

[Event "36th Olympiad w"]
[Site "Calvia ESP"]
[Date "2004.10.29"]
[Round "14"]
[White "Aliaga Fernandez,I"]
[Black "Erneste,I"]
[Result "0-1"]
[WhiteElo "2141"]
[BlackElo "2310"]
[EventDate "2004.10.15"]

1. d4 d5 2. Nf3 Nf6 3. Bg5 e6 4. e3 Be7 5. Be2 O-O 6. O-O c5 7. dxc5 Qa5 8.
c4 dxc4 9. Bxc4 Qxc5 10. Qe2 h6 11. Bh4 e5 12. Rc1 Qa5 13. Nc3 Bg4 14. h3
Bh5 15. g4 Bg6 16. Bxf6 Bxf6 17. Nd5 Nd7 18. Nxf6+ Nxf6 19. b4 Qc7 20. Nh4
Bh7 21. Bd3 Qb6 22. Bxh7+ Nxh7 23. Qc4 Ng5 24. Kg2 Qf6 25. Qd3 g6 26. Qe2
e4 27. f4 exf3+ 28. Nxf3 Rfe8 29. Nxg5 Qxg5 30. Re1 Re4 31. Rab1 Rae8 32.
Rb3 h5 33. Kg3 hxg4 34. hxg4 f5 35. Qf3 Rxg4+ 36. Kf2 Qh4+ 37. Kf1 Qh2 38.
Qd5+ Kh8 0-1

[Event "36th Olympiad w"]
[Site "Calvia ESP"]
[Date "2004.10.29"]
[Round "14"]
[White "Titova Boric,E"]
[Black "Sergeeva,M"]
[Result "1/2-1/2"]
[WhiteElo "2252"]
[BlackElo "2308"]
[EventDate "2004.10.15"]

1. c4 Nf6 2. Nc3 g6 3. g3 Bg7 4. Bg2 d6 5. e4 O-O 6. Nge2 e5 7. O-O Nbd7 8.
f4 c6 9. Kh1 exf4 10. gxf4 Ng4 11. Qe1 Nc5 12. d4 Nd3 13. Qg3 Nxc1 14.
Raxc1 f5 15. e5 dxe5 16. dxe5 Qb6 17. Na4 Qe3 18. Bf3 Rd8 19. h3 Rd3 20.
Rc3 Kh8 21. Qh4 Nh6 22. Qe7 Ng8 23. Qf7 Rxc3 24. Naxc3 Qd3 25. h4 Qd7 26.
Qxd7 Bxd7 27. Rd1 Be8 28. Na4 Bf8 29. Kg2 Nh6 30. Kg3 Nf7 31. c5 Nd8 32.
Nd4 Bf7 33. b3 Ne6 34. Nxe6 Bxe6 35. Rd3 Be7 36. Bd1 Rd8 37. Rxd8+ Bxd8 38.
a3 h6 39. b4 g5 40. hxg5 hxg5 41. Nc3 gxf4+ 42. Kxf4 Bh4 43. Bc2 Be1 44.
Nb1 Kg7 45. Bxf5 Bxf5 46. Kxf5 Kf7 47. e6+ Ke7 48. Ke5 Bg3+ 49. Kf5 Be1 50.
b5 cxb5 51. Ke5 a5 52. Kd5 b4 53. axb4 axb4 54. c6 bxc6+ 55. Kxc6 Kxe6 56.
Kc5 1/2-1/2

[Event "36th Olympiad w"]
[Site "Calvia ESP"]
[Date "2004.10.29"]
[Round "14"]
[White "Dedijer,S"]
[Black "Zigangirova,S"]
[Result "1/2-1/2"]
[WhiteElo "2064"]
[BlackElo "2330"]
[EventDate "2004.10.15"]

1. d4 Nf6 2. c4 c5 3. d5 b5 4. cxb5 a6 5. bxa6 Bxa6 6. Nc3 g6 7. Nf3 d6 8.
g3 Bg7 9. Bg2 O-O 10. O-O Nbd7 11. Qc2 Qa5 12. Rd1 Rfb8 13. Rb1 Ra7 14. Bd2
Ne8 15. e4 Qd8 16. b3 Rba8 17. a4 1/2-1/2

[Event "36th Olympiad w"]
[Site "Calvia ESP"]
[Date "2004.10.29"]
[Round "14"]
[White "Jackova,J"]
[Black "Leite,C"]
[Result "1-0"]
[WhiteElo "2408"]
[BlackElo "2236"]
[EventDate "2004.10.15"]

1. e4 e5 2. Nf3 Nc6 3. d4 exd4 4. Bc4 Nf6 5. e5 d5 6. Bb5 Ne4 7. Nxd4 Bd7
8. Bxc6 bxc6 9. O-O Bc5 10. f3 Ng5 11. Be3 O-O 12. f4 Ne4 13. Nd2 Bxd4 14.
Bxd4 Nxd2 15. Qxd2 Bf5 16. Rf3 Re8 17. Rg3 Re6 18. Rg5 Be4 19. f5 Rh6 20.
e6 f6 21. Rxg7+ Kxg7 22. Qg5+ Rg6 23. fxg6 Bxg6 24. Rf1 Kg8 25. Rxf6 Qe8
26. Qe5 1-0

[Event "36th Olympiad w"]
[Site "Calvia ESP"]
[Date "2004.10.29"]
[Round "14"]
[White "Coimbra,M"]
[Black "Cedikova,K"]
[Result "1/2-1/2"]
[WhiteElo "2079"]
[BlackElo "2263"]
[EventDate "2004.10.15"]

1. e4 c5 2. Nc3 Nc6 3. g3 g6 4. Bg2 Bg7 5. d3 d6 6. Be3 Rb8 7. Qd2 b5 8.
Nge2 Nd4 9. O-O e6 10. Nc1 b4 11. Nd1 Ne7 12. c3 bxc3 13. bxc3 Ndc6 14. Bh6
O-O 15. Bxg7 Kxg7 16. Ne3 e5 17. f4 f6 18. Ne2 a5 19. d4 cxd4 20. cxd4 Ba6
21. dxe5 dxe5 22. Rfd1 Qxd2 23. Rxd2 a4 24. Nd5 Bxe2 25. Rxe2 Nd4 26. Rd2
Nec6 27. fxe5 fxe5 28. Rf1 Rxf1+ 29. Kxf1 Na5 30. Bh3 Rb1+ 31. Kg2 a3 32.
Bd7 Nc4 33. Rf2 Rb2 34. Ba4 Nd2 35. Ne3 N4f3 36. Bd1 Ne1+ 37. Kg1 Nd3 38.
Re2 Nc4 39. Rxb2 Ndxb2 40. Bb3 Nd2 41. Bd5 Nd3 42. Nc4 Nb1 43. Kf1 Nb4 44.
Ke2 Nxd5 45. exd5 Kf6 46. Kd1 e4 47. Kc2 e3 48. Kd3 Nd2 49. Kxe3 Nf1+ 50.
Kf4 g5+ 51. Ke4 Nxh2 52. Nxa3 Nf1 53. Kf3 Ke5 54. Nb5 1/2-1/2

[Event "36th Olympiad w"]
[Site "Calvia ESP"]
[Date "2004.10.29"]
[Round "14"]
[White "Blazkova,P"]
[Black "Pintor,A"]
[Result "1-0"]
[WhiteElo "2214"]
[BlackElo "2058"]
[EventDate "2004.10.15"]

1. e4 c6 2. d4 d5 3. exd5 cxd5 4. c4 Nf6 5. Nc3 e6 6. Nf3 Be7 7. cxd5 Nxd5
8. Bd3 O-O 9. O-O Nc6 10. Re1 Bf6 11. a3 g6 12. Bh6 Re8 13. Nxd5 exd5 14.
Rxe8+ Qxe8 15. Qd2 Bg4 16. Qf4 Bf5 17. g4 Qd7 18. gxf5 Be7 19. Ne5 1-0

[Event "36th Olympiad w"]
[Site "Calvia ESP"]
[Date "2004.10.29"]
[Round "14"]
[White "Ortiz,Na"]
[Black "Cast,A"]
[Result "1/2-1/2"]
[WhiteElo "2148"]
[BlackElo "2082"]
[EventDate "2004.10.15"]

1. e4 e6 2. d4 d5 3. Nd2 Nf6 4. e5 Nfd7 5. Bd3 c5 6. c3 Nc6 7. Ne2 Qb6 8.
Nf3 cxd4 9. cxd4 f6 10. exf6 Nxf6 11. O-O Bd6 12. Nc3 O-O 13. Be3 Bd7 14.
Re1 Rae8 15. Ne5 Qd8 16. f4 a6 17. Rc1 Na5 18. Na4 Bb4 19. Rf1 Bb5 20. Bxb5
axb5 21. Nc5 Bxc5 22. Rxc5 Nc4 23. Bc1 Qb6 24. Qb3 Nd6 25. Be3 Ra8 26. a3
Qa5 27. Qd3 Nfe4 28. Rc2 Rac8 29. Bd2 Nxd2 30. Rxd2 Ne4 31. Re2 Rc7 32. Qh3
Qb6 33. Qd3 Rfc8 34. Rd1 Qd6 35. Qh3 Qb6 36. Qd3 Qa5 37. g3 Rc1 38. Kg2 Qa4
39. Rxc1 Rxc1 40. b3 Qa5 41. Qf3 Qc7 42. Qg4 Qc8 43. b4 Nf6 44. Qf3 Rc3 45.
Re3 Rc2+ 46. Re2 Rc3 47. Re3 Rc2+ 48. Re2 Rc3 49. Re3 Rc2+ 1/2-1/2

[Event "36th Olympiad w"]
[Site "Calvia ESP"]
[Date "2004.10.29"]
[Round "14"]
[White "Smith,O"]
[Black "Franco,A"]
[Result "1/2-1/2"]
[WhiteElo "1831"]
[BlackElo "2046"]
[EventDate "2004.10.15"]

1. e4 e5 2. Nf3 Nc6 3. Bc4 Bc5 4. c3 Nf6 5. d3 a6 6. a4 Ba7 7. O-O h6 8.
Re1 d6 9. Nbd2 O-O 10. Nf1 Qe7 11. Ng3 Nh7 12. b4 Be6 13. Bb3 Kh8 14. Be3
Bxe3 15. fxe3 Ng5 16. Nxg5 Qxg5 17. d4 Bg4 18. Qc2 h5 19. b5 axb5 20. Qf2
bxa4 21. Bxa4 Ne7 22. Bb3 Rab8 23. Bd1 f5 24. exf5 Nxf5 25. Bxg4 Qxg4 26.
Nxf5 Rxf5 27. Qd2 Rbf8 28. Rf1 exd4 29. exd4 Rxf1+ 30. Rxf1 Rxf1+ 31. Kxf1
Qf5+ 32. Kg1 Kh7 33. Qe2 d5 34. h3 Qg5 35. Qc2+ Kh6 36. Qb3 b6 37. Qb4 h4
38. Qf8 Kh7 39. Qc8 Qe3+ 40. Kh1 Qf4 41. Qd7 Qd6 42. Qf5+ Kh6 43. Qg4 g5
44. Qc8 c5 45. Qh8+ Kg6 46. Qg8+ Kf5 47. Qf7+ Qf6 48. Qxd5+ Kg6 49. dxc5
Qf1+ 50. Kh2 Qf4+ 51. Kh1 Qf1+ 52. Kh2 Qf4+ 1/2-1/2

[Event "36th Olympiad w"]
[Site "Calvia ESP"]
[Date "2004.10.29"]
[Round "14"]
[White "Chang,S"]
[Black "Medic,Mir"]
[Result "1/2-1/2"]
[WhiteElo "2095"]
[BlackElo "2237"]
[EventDate "2004.10.15"]

1. e4 e6 2. d4 d5 3. Nc3 Bb4 4. exd5 exd5 5. Bd3 Nc6 6. a3 Be7 7. Be3 Bf6
8. Nce2 Nge7 9. c3 Bf5 10. Ng3 Bg6 11. N1e2 Bxd3 12. Qxd3 g6 13. O-O Qd7
14. a4 h5 15. Rfe1 h4 16. Nf1 Nf5 17. Nc1 Kf8 18. Nb3 b6 19. a5 Re8 20.
axb6 axb6 21. h3 Kg7 22. Nbd2 Nd6 23. Bf4 Rxe1 24. Rxe1 Re8 25. Rxe8 Nxe8
26. Qf3 Ne7 27. Ne3 Kh7 28. Ng4 Bg7 29. Ne5 Qe6 30. Qg4 Qxg4 31. hxg4 f6
32. Nd3 g5 33. Bh2 Kg6 34. f3 Kf7 35. Kf2 Ke6 36. Ke3 f5 37. gxf5+ Nxf5+
38. Ke2 Bf8 39. Nf1 c5 40. Ne3 Neg7 41. Nxf5 Nxf5 42. dxc5 bxc5 43. Nf2 c4
44. Ng4 Bg7 45. Bg1 Bf8 46. Kd2 Bd6 47. Kc2 Bf4 48. Bc5 h3 49. gxh3 Nh4 50.
b3 cxb3+ 51. Kxb3 Nxf3 52. c4 Nd2+ 53. Kc3 Nxc4 54. Kd3 Ne5+ 55. Nxe5 Kxe5
56. Be7 Ke6 57. Bd8 Kf5 58. Kd4 Ke6 59. Kd3 Ke5 60. Bc7+ Kf5 61. Bd8 Be5
62. Bb6 Bf6 63. Bc7 Kg6 64. Bd6 Kh5 65. Bg3 Bg7 66. Ke3 Kg6 67. Bc7 Kf5 68.
Kd3 Bf6 69. Bd6 1/2-1/2

[Event "36th Olympiad w"]
[Site "Calvia ESP"]
[Date "2004.10.29"]
[Round "14"]
[White "Macek,V"]
[Black "Ribeiro,Re"]
[Result "1/2-1/2"]
[WhiteElo "2230"]
[BlackElo "2076"]
[EventDate "2004.10.15"]

1. Nf3 c5 2. c4 g6 3. g3 Bg7 4. Nc3 Nc6 5. Bg2 d6 6. O-O Nf6 7. d4 O-O 8.
d5 Nb8 9. Ne1 a6 10. a4 b6 11. Nd3 Ra7 12. e4 e5 13. Bg5 h6 14. Bd2 Kh7 15.
Qc2 Nbd7 16. Rae1 Ng8 17. f4 f5 18. Kh1 Kh8 19. Qd1 exf4 20. Bxf4 Ndf6 21.
e5 Nh5 22. Bd2 dxe5 23. Nxe5 Qd6 24. Nd3 Ngf6 25. Nf4 Nxf4 26. Bxf4 Qd8 27.
Qd3 Re8 28. Rxe8+ Nxe8 29. Re1 Re7 30. Rxe7 Qxe7 31. Bd2 g5 32. Nd1 Nd6 33.
b3 Bd4 34. Bf3 Qe5 35. Bc3 Ne4 36. Bxd4 cxd4 37. Kg2 g4 38. Be2 Nc5 39. Qc2
f4 40. gxf4 Qxf4 41. Nf2 Bf5 42. Qd1 h5 43. b4 Nd7 44. Bd3 Bxd3 45. Qxd3
Ne5 46. Qe4 Qxe4+ 47. Nxe4 Nxc4 48. d6 Ne5 49. Nf6 d3 50. Kf2 h4 51. Ke3 g3
52. hxg3 hxg3 53. Ne4 Kg7 54. Nxg3 Kf7 55. Ne4 Ke6 56. Kd4 Nc6+ 57. Kc4
1/2-1/2

[Event "36th Olympiad w"]
[Site "Calvia ESP"]
[Date "2004.10.29"]
[Round "14"]
[White "Chaves,Joa"]
[Black "Jelica,M"]
[Result "0-1"]
[WhiteElo "2046"]
[BlackElo "2252"]
[EventDate "2004.10.15"]

1. e4 c5 2. Nc3 a6 3. g3 b5 4. Bg2 Bb7 5. d3 e6 6. f4 d5 7. e5 h5 8. Nf3
Nc6 9. d4 Nh6 10. Ne2 Nf5 11. c3 a5 12. h3 cxd4 13. cxd4 Bb4+ 14. Kf2 Nh6
15. Be3 Qb6 16. Kg1 Kd7 17. Rc1 Rac8 18. Qd3 Ba6 19. Kh2 Be7 20. Nc3 g6 21.
a3 Na7 22. Bf1 Rc6 23. Be2 b4 24. Na4 Bxd3 25. Nxb6+ Rxb6 26. Bxd3 bxa3 27.
bxa3 Bxa3 28. Ra1 Bb4 29. Bd2 Bxd2 30. Nxd2 Rb2 31. Rhd1 Nc6 32. Kg2 Rhb8
33. Kf2 Nf5 0-1

[Event "36th Olympiad w"]
[Site "Calvia ESP"]
[Date "2004.10.29"]
[Round "14"]
[White "Khegai,A"]
[Black "Vasquez Ramirez,R"]
[Result "1-0"]
[WhiteElo "2239"]
[BlackElo "2257"]
[EventDate "2004.10.15"]

1. d4 d5 2. c4 dxc4 3. e3 e6 4. Bxc4 Nf6 5. Nf3 c5 6. O-O a6 7. b3 b5 8.
Be2 Bb7 9. Bb2 Nbd7 10. a4 b4 11. Nbd2 Be7 12. Nc4 O-O 13. Rc1 Ne4 14. Nfe5
Nxe5 15. dxe5 f5 16. f3 Ng5 17. Nd6 Bxd6 18. Qxd6 Qxd6 19. exd6 Rac8 20.
Rfd1 Rfd8 21. Bc4 Rc6 22. Be5 Bc8 23. Rd2 h6 24. Rcd1 Bd7 25. h4 Nf7 26. f4
Rdc8 27. h5 Nd8 28. g4 fxg4 29. f5 Kh7 30. f6 Nf7 31. Bb2 Ng5 32. fxg7 Nf3+
33. Kg2 Nh4+ 34. Kh1 Rb6 35. e4 Rg8 36. Rf2 Nf3 37. Kg2 Nd4 38. Rf7 Rxg7
39. Rxg7+ Kxg7 40. Rxd4 Kf7 41. Rd2 1-0

[Event "36th Olympiad w"]
[Site "Calvia ESP"]
[Date "2004.10.29"]
[Round "14"]
[White "Mouradian,K"]
[Black "Siti,Z"]
[Result "1/2-1/2"]
[WhiteElo "2119"]
[BlackElo "2162"]
[EventDate "2004.10.15"]

1. e4 c5 2. Nf3 Nc6 3. d4 cxd4 4. Nxd4 g6 5. c4 Nf6 6. Nc3 d6 7. Be2 Nxd4
8. Qxd4 Bg7 9. Be3 O-O 10. Qd2 Be6 11. f3 Rc8 12. Nd5 Nd7 13. O-O Ne5 14.
Rac1 b6 15. b3 Nc6 1/2-1/2

[Event "36th Olympiad w"]
[Site "Calvia ESP"]
[Date "2004.10.29"]
[Round "14"]
[White "Nur Shazwani,Z"]
[Black "Nekrasova,E"]
[Result "1-0"]
[WhiteElo "2062"]
[BlackElo "2107"]
[EventDate "2004.10.15"]

1. e4 c5 2. Nf3 a6 3. d4 cxd4 4. Nxd4 Nf6 5. Nc3 e5 6. Nb3 Bb4 7. Bg5 Qc7
8. Qf3 d5 9. exd5 e4 10. d6 Qxd6 11. Qf4 Qxf4 12. Bxf4 Nd5 13. Bd2 Nxc3 14.
bxc3 Bd6 15. Bc4 Nc6 16. O-O Ne7 17. Nd4 Bd7 18. Rfe1 Rc8 19. Bb3 O-O 20.
Rxe4 Nc6 21. Rae1 Na5 22. Nf3 Bc6 23. Rd4 Bc5 24. Rf4 Bd6 25. Rf5 Bxf3 26.
Rxf3 Nc4 27. Bc1 Rfd8 28. Rd3 b5 29. Red1 Be7 30. h3 Kf8 31. Kf1 Ke8 32.
Re1 Kf8 33. Bf4 Bf6 34. g4 h6 35. Rf3 Nd2+ 36. Bxd2 Rxd2 37. Ree3 Rc7 38.
a4 Rd8 39. axb5 axb5 40. Rf5 Rb8 41. Ref3 Rcb7 42. Bd5 Ra7 43. Bb3 Rbb7 44.
Bd5 Rd7 45. Be4 Ra5 46. Bd3 Ra1+ 47. Kg2 Bxc3 48. Rxb5 Ra8 49. Be4 Re8 50.
Bd5 f6 51. Rb3 Ba5 52. c4 Bc3 1-0

[Event "36th Olympiad w"]
[Site "Calvia ESP"]
[Date "2004.10.29"]
[Round "14"]
[White "Mouradian,S"]
[Black "Wan Khye Theng"]
[Result "0-1"]
[WhiteElo "2007"]
[BlackElo "1898"]
[EventDate "2004.10.15"]

1. e4 e6 2. d4 d5 3. Nd2 Nf6 4. e5 Nfd7 5. Bd3 c5 6. c3 Nc6 7. Ne2 Qb6 8.
Nf3 cxd4 9. cxd4 f6 10. exf6 Nxf6 11. O-O Bd6 12. Re1 O-O 13. a3 e5 14.
dxe5 Nxe5 15. Ned4 Bg4 16. h3 Nxd3 17. Qxd3 Bd7 18. Rb1 Ne4 19. Be3 Bf4 20.
Nf5 Qe6 21. Bxf4 Qxf5 22. Be3 Kh8 23. Rbd1 Bc6 24. Nd4 Qf7 25. f3 Nf6 26.
Re2 Nd7 27. Rde1 Ne5 28. Qd1 Qg6 29. Rf2 Nd3 30. Nxc6 bxc6 31. Ref1 Nxf2
32. Rxf2 Rfe8 33. Bc5 Qe6 34. Kf1 a6 35. Re2 Qxe2+ 36. Qxe2 Rxe2 37. Kxe2
Rb8 38. b4 Kg8 39. g4 Kf7 40. Ke3 Ke6 41. f4 g6 42. Kd4 Rb7 43. Kd3 Kf7 44.
Bd4 Re7 45. Be5 Rb7 46. Kd4 Ke6 47. f5+ gxf5 48. gxf5+ Ke7 49. Bf4 Kd7 50.
Be5 Rb8 0-1

[Event "36th Olympiad w"]
[Site "Calvia ESP"]
[Date "2004.10.29"]
[Round "14"]
[White "Martinez Aleidi,J"]
[Black "Kopinits,A"]
[Result "1-0"]
[WhiteElo "2201"]
[BlackElo "2114"]
[EventDate "2004.10.15"]

1. e4 c5 2. Nf3 Nc6 3. c3 Nf6 4. e5 Nd5 5. d4 cxd4 6. cxd4 d6 7. Bc4 e6 8.
Qe2 Be7 9. h4 a6 10. a3 b5 11. Ba2 Bb7 12. h5 Rc8 13. O-O h6 14. Rd1 Na5
15. Nc3 Rxc3 16. bxc3 Nxc3 17. Qe1 Nxd1 18. Qxd1 dxe5 19. Nxe5 Nc6 20. Nxc6
Bxc6 21. Qg4 Bf6 22. Be3 Bd5 23. Bb1 Qa5 24. Bd3 Ke7 25. Rc1 Rd8 26. Qf4
Kf8 27. Be4 Bg5 28. Qf3 Bxe3 29. fxe3 Qxa3 30. Rc7 f6 31. Bxd5 exd5 32. Qg3
g5 33. hxg6 Re8 34. Kf2 Qb2+ 35. Kg1 Qb1+ 36. Kh2 Qf5 37. Rh7 Qh5+ 38. Kg1
Kg8 39. Rf7 Qg5 40. Qc7 Qxe3+ 41. Kh2 Qe6 42. Rh7 1-0

[Event "36th Olympiad w"]
[Site "Calvia ESP"]
[Date "2004.10.29"]
[Round "14"]
[White "Horvath,Maria AUT"]
[Black "Sanchez,Ali"]
[Result "1/2-1/2"]
[WhiteElo "2094"]
[BlackElo "2095"]
[EventDate "2004.10.15"]

1. d4 d5 2. c4 c6 3. Nf3 Nf6 4. Nc3 e6 5. cxd5 cxd5 6. Bf4 Nc6 7. e3 Bd6 8.
Bxd6 Qxd6 9. Bb5 Bd7 10. O-O O-O 11. Bxc6 Bxc6 12. Ne5 Rfc8 13. Qb3 Ne4
1/2-1/2